|
|
|
|
| LEADER |
00931nam a2200229 a 4500 |
| 001 |
28800 |
| 003 |
BD-DhAAL |
| 008 |
150108r20102010ii 000 0 eng d |
| 999 |
|
|
|c 33414
|d 33414
|
| 010 |
|
|
|a 2004117165
|
| 020 |
|
|
|a 9788174760159
|
| 040 |
|
|
|a DLC
|c DLC
|d BD-DhAAL
|
| 082 |
0 |
0 |
|a 823/.01
|2 19
|
| 100 |
1 |
|
|a Twain, Mark,
|d 1835-1910.
|9 7201
|
| 245 |
1 |
4 |
|a The adventures of Huckleberry Finn :
|c Mark Twain.
|b complete and unabridged with introduction and notes /
|
| 260 |
|
|
|a New Delhi:
|b UBS Publishers' ,
|c 1992.
|
| 300 |
|
|
|a ix, 282 p. ;
|c 20 cm.
|
| 541 |
1 |
|
|e 28800
|
| 650 |
|
0 |
|a Short Stories
|x English
|9 6922
|
| 852 |
|
|
|a BRAC Institute of Language (BIL)
|c General Stacks
|
| 942 |
|
|
|2 ddc
|c BK
|
| 952 |
|
|
|0 0
|1 0
|2 ddc
|4 0
|6 823_010000000000000_TWA
|7 0
|9 44658
|a BRACUL
|b BRACUL
|c GEN
|d 2015-01-08
|e BRAC Institute of Language (BIL)
|l 2
|m 2
|o 823.01 TWA
|p 3010028800
|r 2023-08-16
|s 2023-08-02
|t 1
|w 2015-01-08
|y BK
|x Transferred from BIL to BRACUL on 06/06/22
|